[Event "Kragero Resort International 2022"]
[Site "Kragero"]
[Date "2022.02.24"]
[Round "4.5"]
[White "Van Foreest, Lucas"]
[Black "Vestby-Ellingsen, Mads"]
[Result "1-0"]
[WhiteElo "2563"]
[BlackElo "2368"]
[Annotator "TA"]
[PlyCount "59"]
[EventDate "2022.02.23"]
[EventType "swiss"]
[EventCountry "NOR"]
[SourceTitle "playchess.com"]
[Source "ChessBase"]
[SourceQuality "1"]

{[%evp 23,59,15,41,14,25,7,31,31,59,34,46,35,41,27,87,88,85,66,99,97,181,129,528,532,533,525,481,130,412,425,436,395,5285,5285,5265,2987,29993,29994]} 1. d4 Nf6 2. c4 e6 3. Nf3 b6 4. a3 Ba6 5. Qc2 Bb7 6. Nc3 c5 7. e4 cxd4 8. Nxd4 Bc5 9. Nb3 Nc6 10. Bd3 h6 11. O-O O-O 12. Nxc5 bxc5 {[#]} 13. Qd1 $146 {E12: Queen's Indian: Unusual White 4th moves, 4 a3, 4 Nc3 Bb7 5 a3 and 4 Nc3 Bb7 .} ({Predecessor:} 13. Re1 d6 14. Qd1 e5 15. Rb1 a5 16. b3 Rb8 17. Re3 Nd4 18. Bd2 Bc6 19. a4 Re8 20. Nb5 Ra8 {1-0 (50) Cvitan,O (2524)-Perunovic,M (2557) Neum 2004}) 13... Ne5 14. Bc2 {Black must now prevent f4.} d6 15. b3 {White is slightly better.} Qe7 16. Re1 Rfd8 17. Rb1 Rab8 18. Bb2 Ba8 (18... Qf8 $11 {keeps the balance.}) 19. f4 $16 Ng6 20. Qd2 Qb7 21. Rbd1 Rd7 {[#]} (21... Qe7 $16 {was worth a try.}) 22. Nb5 (22. f5 $1 $18 {[%cal Rf5g6]} Ne5 23. fxe6 fxe6 24. Nb5) 22... Rbd8 $2 {[%mdl 8192]} (22... Nh5 $16 {is tougher.}) 23. Bxf6 $18 gxf6 24. f5 exf5 25. exf5 (25. Qxh6 $18 Rb8 26. h4) 25... Ne5 $2 {[%mdl 8192] Loses the game.} (25... Nf4 $16) 26. Nc3 {Nd5 is the strong threat.} ({Don't do} 26. Be4 d5 27. Bxd5 Qb8 $18) 26... d5 27. Nxd5 Qa6 (27... Rxd5 28. cxd5 Rxd5) 28. Qxh6 {[%cal Od5e7] Threatening mate with Ne7+!} Bxd5 {[#]} 29. Rxe5 $1 {[%mdl 576] Pin} Qb6 (29... fxe5 30. f6) 30. Re3 {Weighted Error Value: White=0.45/Black=1.12} 1-0

[Event "Kragero Resort International 2022"]
[Site "Kragero"]
[Date "2022.02.24"]
[Round "4.5"]
[White "Stolp, Aleksander"]
[Black "Ostensen, Nicolai Maxime"]
[Result "0-1"]
[WhiteElo "1680"]
[BlackElo "1728"]
[Annotator "NA RC"]
[PlyCount "126"]
[EventDate "2022.02.23"]
[EventType "swiss"]
[EventCountry "NOR"]
[SourceTitle "playchess.com"]
[Source "ChessBase"]
[SourceQuality "1"]
[TimeControl "5400+30"]

1. d4 {[%emt 0:00:03]} Nf6 {[%emt 0:00:04]} 2. c4 {[%emt 0:00:07]} c5 {[%emt 0:00:04]} 3. d5 {[%emt 0:00:08]} e6 {[%emt 0:00:04]} 4. Nc3 {[%emt 0:00:07]} exd5 {[%emt 0:00:03]} 5. cxd5 {[%emt 0:00:08]} d6 {[%emt 0:00:03]} 6. Nf3 {[%emt 0:00:12]} g6 {[%emt 0:00:05]} 7. Nd2 {[%emt 0:00:09]} a6 {[%emt 0:01:23]} 8. a4 {[%emt 0:00:22]} Bg7 {[%emt 0:00:05]} 9. e4 {[%emt 0:00:09]} O-O {[%emt 0:00:14]} 10. Be2 {[%emt 0:00:07]} Nbd7 {[%emt 0:01:01]} 11. O-O {[%emt 0:01:46]} Rb8 {[%emt 0:00:32]} 12. a5 {[%emt 0:00:49]} Ne8 {[%emt 0:00:32]} 13. Nc4 {[%emt 0:04:18]} Qe7 {[%emt 0:00:43]} 14. Qc2 {[%emt 0:01:17]} Ne5 {[%emt 0:02:39]} 15. Nb6 {[%emt 0:01:50]} f5 {[%emt 0:03:38]} 16. f4 {[%emt 0:17:21]} Nd7 {[%emt 0:01:30]} 17. Nxc8 {[%emt 0:13:15]} Rxc8 {[%emt 0:00:07]} 18. exf5 {[%emt 0:00:08]} gxf5 {[%emt 0:00:59]} 19. Nd1 {[%emt 0:05:33]} Nef6 {[%emt 0:02:55]} 20. Ne3 {[%emt 0:04:07]} Ne4 {[%emt 0:03:54]} 21. Bf3 {[%emt 0:03:58]} Rce8 {[%emt 0:03:06]} 22. Ra3 {[%emt 0:09:14]} Bd4 {[%emt 0:08:08]} 23. Kh1 {[%emt 0:03:22]} Qf7 {[%emt 0:04:41]} 24. Qd1 {[%emt 0:09:06]} Qe7 {[%emt 0:03:12]} 25. Rb3 {[%emt 0:04:34]} Rb8 {[%emt 0:00:59]} 26. Qc2 {[%emt 0:00:47]} Bxe3 {[%emt 0:02:56]} 27. Rxe3 {[%emt 0:03:43]} Ndf6 {[%emt 0:00:22]} 28. Bxe4 {[%emt 0:04:39]} Nxe4 {[%emt 0:01:09]} 29. b3 {[%emt 0:00:46]} Rbe8 {[%emt 0:06:10]} 30. Rff3 {[%emt 0:01:19]} Rf6 {[%emt 0:00:43]} 31. Bb2 {[%emt 0:02:25]} Rg6 {[%emt 0:00:35]} 32. Kg1 {[%emt 0:03:17]} Qd8 {[%emt 0:05:52]} 33. Bc3 {[%emt 0:01:49]} Qd7 {[%emt 0:00:18]} 34. Qd3 {[%emt 0:01:50]} h6 {[%emt 0:04:38]} 35. Bb2 {[%emt 0:01:16]} Qb5 {[%emt 0:00:37]} 36. Qxb5 {[%emt 0:01:05]} axb5 {[%emt 0:00:06]} 37. Rf1 {[%emt 0:01:07]} b4 {[%emt 0:00:56]} 38. Ra1 {[%emt 0:00:40]} Ra8 {[%emt 0:00:08]} 39. Ra4 {[%emt 0:01:42]} Ra6 {[%emt 0:00:19]} 40. Rh3 {[%emt 0:00:55]} Nd2 {[%emt 0:09:16]} 41. Rd3 {[%emt 0:00:25]} Ne4 {[%emt 0:01:35]} 42. Rh3 {[%emt 0:00:05]} Ra8 {[%emt 0:05:31]} 43. Rh5 {[%emt 0:00:48]} Nd2 {[%emt 0:00:37]} 44. Rh3 {[%emt 0:00:33]} Kh7 {[%emt 0:00:38]} 45. Re3 {[%emt 0:00:47]} Ne4 {[%emt 0:00:15]} 46. Rh3 {[%emt 0:00:27]} Rg4 {[%emt 0:00:17]} 47. Rf3 {[%emt 0:00:43]} Rgg8 {[%emt 0:01:08]} 48. Rh3 {[%emt 0:00:35]} Ra6 {[%emt 0:00:11]} 49. Re3 {[%emt 0:00:25]} h5 {[%emt 0:02:29]} 50. Re1 {[%emt 0:00:38]} Rga8 {[%emt 0:00:16]} 51. Rea1 {[%emt 0:00:09]} Kg6 {[%emt 0:00:11]} 52. g3 {[%emt 0:00:46]} Kf7 {[%emt 0:00:13]} 53. Kg2 {[%emt 0:00:27]} Nd2 {[%emt 0:00:17]} 54. Re1 {[%emt 0:00:12]} Rxa5 {[%emt 0:00:41]} 55. Rxa5 {[%emt 0:00:24]} Rxa5 {[%emt 0:00:03]} 56. Re6 {[%emt 0:00:19]} Ne4 {[%emt 0:00:12]} 57. Kh3 {[%emt 0:00:53]} b5 {[%emt 0:00:38]} 58. Rh6 {[%emt 0:00:23]} Ra2 {[%emt 0:00:40]} 59. Bh8 {[%emt 0:00:41]} Nf2+ {[%emt 0:00:41]} 60. Kh4 {[%emt 0:00:14]} Ne4 {[%emt 0:01:19]} 61. Kh3 {[%emt 0:00:35]} c4 {[%emt 0:00:29]} 62. Bd4 {[%emt 0:00:48]} Rd2 {[%emt 0:00:31]} 63. Bh8 {[%emt 0:00:41]} cxb3 {[%emt 0:00:17]} 0-1

[Event "Kragero Resort International 2022"]
[Site "Kragero"]
[Date "2022.02.24"]
[Round "4.6"]
[White "Urkedal, Frode Olav Olsen"]
[Black "Ostmoe, Geir Sune Tallaksen"]
[Result "0-1"]
[WhiteElo "2549"]
[BlackElo "2466"]
[Annotator "TA"]
[PlyCount "116"]
[EventDate "2022.02.23"]
[EventType "swiss"]
[EventCountry "NOR"]
[SourceTitle "playchess.com"]
[Source "ChessBase"]
[SourceQuality "1"]

{[%evp 9,116,7,27,22,16,15,26,31,43,46,38,33,56,62,65,57,169,166,180,147,183,173,188,194,187,196,331,326,308,295,416,381,385,377,440,429,448,444,435,0,0,-155,-180,-167,-185,-195,-175,-204,-177,-503,-501,-391,-391,-377,-334,-867,-307,-397,-389,-370,-285,-404,-363,-469,-464,-544,-409,-653,-518,-517,-509,-506,-495,-503,-473,-852,-838,-1300,-1293,-1271,-852,-829,-829,-820,-792,-756,-735,-29955,-29952,-29957,-29943,-29962,-4631,-29967,-29966,-29975,-29976,-29976,-29977,-29977,-29978,-29978,-29979,-29979,-29980,-29980,-29981,-29980,-29979]} 1. d4 d5 2. c4 e6 3. Nc3 Bb4 4. cxd5 exd5 5. a3 Be7 6. Bf4 {D31: Queen's Gambit Declined: Semi-Slav without ...Nf6 (+ Marshall Gambit and Noteboom) and Exchange Variation lines without ...Nf6.} c6 7. Qc2 Nf6 8. e3 {[#] White has an edge.} Be6 $146 ({Predecessor:} 8... O-O 9. Bd3 Bd6 10. Bg5 h6 11. Bh4 Re8 12. Nge2 Nbd7 13. Ng3 Be7 14. Nf5 Bf8 {1-0 (34) Dreev,A (2673)-Klekowski,M (2402) Warsaw 2013}) 9. Bd3 Nbd7 10. h3 Nf8 11. Bh2 Ng6 12. f4 {[%cal Bf2f4,Bf4f5][%mdl 32]} Bc8 (12... Ne4 $1 $14) 13. f5 $1 $18 Nf8 14. Nf3 h6 15. O-O-O {[%cal Oc3b5] aiming for Nb5!} Bd6 16. Ne5 Qc7 17. e4 $1 dxe4 (17... N8d7 {was necessary.} 18. Nxd7 Bxh2) 18. Bc4 $1 (18. Nxe4 Nxe4 19. Bxe4 Nd7 $14) 18... Bxf5 19. Bxf7+ Ke7 (19... Kd8 {was called for.} 20. Rhf1 Bh7) 20. Ba2 Bh7 21. Rhf1 (21. Qb3 Bg8 22. Qa4 Bxa2 23. Nxa2 Ne6 $16) (21. Rdf1 N8d7 $16) 21... Re8 22. Rde1 N8d7 {[%cal Rd7e5]} 23. Nxe4 (23. Qb3 Rhf8 24. Nf7 Rxf7 $18) 23... Nxe4 24. Rxe4 $2 (24. Nf7 $1 $18 Bxh2 25. Rxe4+ Bxe4 26. Qxe4+ Be5 27. dxe5 (27. Nxh8 Rxh8 28. Rf7+ Ke8 $16)) 24... Nf6 $1 $11 25. Rxf6 $2 {Black continues to play with concentration.} gxf6 $17 26. Nf7+ Kd7 27. Nxd6 {[%cal Oe4e8] [#]} Rxe4 ({Inferior is} 27... Bxe4 28. Qe2 f5 29. Qd2 $15) 28. Qd2 {To avoid Re1+} Re7 29. b4 $2 {[#]} (29. g4 {is tougher.}) 29... Rhe8 $1 $19 {And now ...Re1+ would win.} 30. Nxe8 (30. Bg3 Qxd6) 30... Qxh2 {Dancing on a razor blade.} 31. Nxf6+ Kc7 32. Nxh7 $2 (32. Kb2) 32... Rxh7 $2 {[%mdl 4096] Endgame KQR-KQB} (32... Qg1+ 33. Kb2 Qf1) 33. Bb1 Rd7 34. Kb2 Qg3 35. Be4 (35. Bc2 $142) 35... Qh4 36. Qd3 Qf2+ 37. Kc3 Qa2 {Prevents d5.} 38. Qg3+ (38. Qc4 $142 Qxa3+ 39. Kc2) 38... Kb6 39. Qe5 {[%csl Gb4][%cal Re5a5]} Qxa3+ 40. Kc4 Qc1+ 41. Kb3 {[%csl Gb4][%cal Re5a5]} a6 {Hoping for ...Qe3+.} (41... Qa1 42. Qc5+ Kc7 43. Qe5+ Kd8 44. Qh8+ Ke7 45. Qg7+ Ke8 46. Qh8+ Kf7 47. Qh7+ Ke8 48. Qh8+ Kf7 49. Qh7+ Ke8 50. Qh8+ $11) 42. h4 (42. Qa5+ $142 Ka7 43. Qc5+ Qxc5 44. dxc5) 42... Qe3+ 43. Kc4 Ka7 {( -> ...b5+)} 44. Bd3 Qxe5 45. dxe5 {KR-KB} Rd5 46. e6 Re5 47. g4 Rxe6 48. g5 hxg5 49. hxg5 Re3 50. g6 Rg3 (50... Kb6 $142 51. Kd4 Rg3 52. Bf5 Kb5 53. Ke5 Kxb4 54. Kf4 {[#]} Rxg6 $3 {[%mdl 512]} 55. Bxg6 a5 56. Bf7 a4 57. Be6 a3 58. Ke5 Kc3 59. Bg8 b5 60. Kf6 b4 61. Kg5 b3 62. Bh7 a2 63. Kh4 b2 64. Kg3 c5 65. Bg6 Kd4 66. Kh4 a1=Q 67. Kh5 Ke5 68. Kh6 Kf6 69. Kh5 Qg1 70. Kh4 Kxg6 71. Kh3 Kf5 72. Kh4 Qh2#) 51. Kd4 Kb6 {Black mates.} 52. Bf5 Kb5 53. Ke4 Kxb4 54. Kf4 {[#]} Rxg6 $3 {[%mdl 512]} 55. Bxg6 a5 {[%cal Ba6a5,Ba5a4][%mdl 32]} 56. Ke3 Kc3 ({And not} 56... a4 57. Kd2 $11) 57. Ke2 a4 58. Kd1 Kb2 {Weighted Error Value: White=0.66/Black=0.41} 0-1

[Event "Kragero Resort International 2022"]
[Site "Kragero"]
[Date "2022.02.24"]
[Round "4.6"]
[White "Haugen, Lars Tormod"]
[Black "Lien, Sebastian"]
[Result "1-0"]
[WhiteElo "1710"]
[BlackElo "1532"]
[Annotator "NA RC"]
[PlyCount "97"]
[EventDate "2022.02.23"]
[EventType "swiss"]
[EventCountry "NOR"]
[SourceTitle "playchess.com"]
[Source "ChessBase"]
[SourceQuality "1"]
[TimeControl "5400+30"]

1. c4 {[%emt 0:00:10]} e5 {[%emt 0:00:05]} 2. Nc3 {[%emt 0:00:12]} Nf6 {[%emt 0:01:20]} 3. Nf3 {[%emt 0:01:03]} Nc6 {[%emt 0:00:09]} 4. a3 {[%emt 0:00:28]} d5 {[%emt 0:00:11]} 5. cxd5 {[%emt 0:00:42]} Nxd5 {[%emt 0:00:07]} 6. Qc2 {[%emt 0:02:20]} Be6 {[%emt 0:00:20]} 7. e3 {[%emt 0:02:14]} Be7 {[%emt 0:00:10]} 8. b4 {[%emt 0:03:06]} a6 {[%emt 0:01:43]} 9. Bb2 {[%emt 0:01:50]} O-O {[%emt 0:00:12]} 10. Nxd5 {[%emt 0:18:22]} Qxd5 {[%emt 0:00:18]} 11. Rc1 {[%emt 0:04:01]} f5 {[%emt 0:27:39]} 12. Be2 {[%emt 0:17:40]} e4 {[%emt 0:10:39]} 13. Nd4 {[%emt 0:01:39]} Nxd4 {[%emt 0:00:07]} 14. Bxd4 {[%emt 0:00:23]} c6 {[%emt 0:00:17]} 15. O-O {[%emt 0:17:52]} Rad8 {[%emt 0:22:19]} 16. f3 {[%emt 0:02:10]} Bf6 {[%emt 0:05:23]} 17. fxe4 {[%emt 0:06:50]} fxe4 {[%emt 0:01:04]} 18. Bxf6 {[%emt 0:03:45]} Rxf6 {[%emt 0:00:06]} 19. Rxf6 {[%emt 0:02:28]} gxf6 {[%emt 0:00:06]} 20. Bc4 {[%emt 0:02:01]} Qxc4 {[%emt 0:07:10]} 21. Qxc4 {[%emt 0:00:02]} Bxc4 {[%emt 0:00:13]} 22. Rxc4 {[%emt 0:00:04]} f5 {[%emt 0:00:37]} 23. Rd4 {[%emt 0:09:53]} Rxd4 {[%emt 0:02:00]} 24. exd4 {[%emt 0:00:01]} Kf7 {[%emt 0:00:25]} 25. Kf2 {[%emt 0:00:11]} f4 {[%emt 0:00:24]} 26. g3 {[%emt 0:00:39]} f3 {[%emt 0:00:29]} 27. d3 {[%emt 0:00:34]} exd3 {[%emt 0:09:22]} 28. Kxf3 {[%emt 0:00:18]} Kf6 {[%emt 0:01:01]} 29. Ke3 {[%emt 0:00:42]} d2 {[%emt 0:00:16]} 30. Kxd2 {[%emt 0:00:10]} Kf5 {[%emt 0:00:13]} 31. Ke3 {[%emt 0:02:08]} Kg4 {[%emt 0:00:27]} 32. Kf2 {[%emt 0:00:32]} Kh3 {[%emt 0:00:13]} 33. Kg1 {[%emt 0:00:13]} b6 {[%emt 0:06:00]} 34. a4 {[%emt 0:01:10]} a5 {[%emt 0:01:38]} 35. bxa5 {[%emt 0:00:52]} bxa5 {[%emt 0:00:04]} 36. Kh1 {[%emt 0:00:21]} h5 {[%emt 0:00:58]} 37. Kg1 {[%emt 0:00:02]} h4 {[%emt 0:00:31]} 38. gxh4 {[%emt 0:00:38]} Kxh4 {[%emt 0:00:09]} 39. Kg2 {[%emt 0:01:07]} Kg4 {[%emt 0:00:29]} 40. h3+ {[%emt 0:00:53]} Kf4 {[%emt 0:00:51]} 41. Kf2 {[%emt 0:00:23]} Ke4 {[%emt 0:00:42]} 42. Ke2 {[%emt 0:00:44]} Kxd4 {[%emt 0:00:51]} 43. h4 {[%emt 0:00:11]} Ke5 {[%emt 0:00:13]} 44. Kd3 {[%emt 0:00:30]} Kf5 {[%emt 0:02:34]} 45. Kc4 {[%emt 0:00:04]} Kg4 {[%emt 0:00:10]} 46. Kc5 {[%emt 0:00:05]} Kxh4 {[%emt 0:00:03]} 47. Kxc6 {[%emt 0:00:08]} Kg5 {[%emt 0:00:11]} 48. Kb5 {[%emt 0:00:07]} Kf6 {[%emt 0:00:18]} 49. Kxa5 {[%emt 0:00:09]} 1-0

[Event "Kragero Resort International 2022"]
[Site "Kragero"]
[Date "2022.02.24"]
[Round "4.7"]
[White "Kaasen, Tor Fredrik"]
[Black "Dardha, Daniel"]
[Result "0-1"]
[WhiteElo "2458"]
[BlackElo "2541"]
[Annotator "TA"]
[PlyCount "116"]
[EventDate "2022.02.23"]
[EventType "swiss"]
[EventCountry "NOR"]
[SourceTitle "playchess.com"]
[Source "ChessBase"]
[SourceQuality "1"]

{[%evp 17,116,21,37,0,1,0,33,-35,26,0,0,0,34,32,27,26,33,7,10,27,14,3,26,35,68,72,89,78,80,77,137,20,21,0,42,23,96,0,0,0,0,0,0,0,0,0,0,0,0,-16,-22,-34,-19,-37,0,0,0,-43,-70,-52,-67,-187,-172,-184,-35,-28,-10,-225,-68,-341,-335,-522,-272,-587,-537,-5830,-444,-438,-418,-437,-431,-421,-383,-537,-465,-462,-414,-545,-500,-608,-607,-592,-566,-662,-660,-898,-852,-883,-724,-3525,-2554]} 1. e4 c5 2. Nf3 d6 3. d4 cxd4 4. Nxd4 Nf6 5. Nc3 Nc6 6. Bc4 Qb6 7. Nb3 e6 8. Bf4 Ne5 9. Be2 Bd7 10. g4 {B57: Classical Sicilian: Sozin with 6...Qb6.} h6 11. h4 Rc8 {[#]} 12. Be3 $146 (12. f3 $14) ({Predecessor:} 12. f3 a5 13. a4 Nc4 14. Bxc4 Rxc4 15. Qd3 d5 16. Be3 Qc7 17. Nd2 Rxc3 18. Qxc3 Qxc3 19. bxc3 dxe4 20. Nxe4 Nxe4 21. fxe4 {0-1 (45) Danin,A (2451)-Vorobiov,E (2563) Moscow 2007}) 12... Qd8 (12... Qc7 $1 $15) 13. Rg1 (13. f4 $5 {[%cal Rf4e5]} Nc4 14. Bxc4 Rxc4 15. Qd3 $14) 13... Rxc3 14. bxc3 Nxe4 {Pair of Knights!} 15. Qd4 Bc6 16. O-O-O Nd7 17. Bf3 Nxc3 18. Qxc3 Bxf3 19. Rd2 Bc6 (19... Qxh4 20. Nd4 Bd5 21. g5 $16) 20. Nd4 Be7 21. Nxc6 bxc6 22. g5 $1 ({Don't blunder} 22. Bxa7 $2 c5 23. Qa3 (23. Qxg7 $2 Bf6 $19) 23... O-O $19) (22. Qxg7 $2 Bf6 23. Qxh8+ Bxh8 $19) (22. Qxc6 O-O $14) 22... hxg5 23. hxg5 Kf8 (23... d5 $142) 24. Rdd1 (24. Qxc6 $16 {Black must now prevent f4.} Ne5 25. Rh1 $1 Rxh1+ 26. Qxh1) 24... c5 $11 25. Bf4 {[%mdl 1024] White has compensation.} e5 (25... d5 $1 $11 {deserves consideration.}) 26. Be3 Qa8 (26... g6 $11) 27. Qc4 ({Better is} 27. g6 $16) 27... g6 28. Rg4 Qc6 29. Qa4 Qb7 30. Rh4 Rxh4 31. Qxh4 {[%cal Rh4h8]} Ke8 32. Qh8+ Nf8 33. Rd3 c4 34. Ra3 a6 35. Bd2 Kd7 36. Qh3+ Ne6 37. Rf3 (37. Qf3 $1 $11 Qxf3 38. Rxf3) 37... Ke8 $36 {[%mdl 2048] Black has the initiative.} 38. Qh8+ Bf8 39. Rf6 (39. Re3 $15) 39... Qd5 $1 $19 40. Bb4 {[#]} c3 {Really sharp!} (40... a5 $1 $19 {[%cal Ra5b4]} 41. Ba3 (41. Qg8 $2 Qh1+ 42. Kd2 c3+ 43. Bxc3 Nxg5 $19) 41... c3) 41. Bxc3 $15 Nxg5 42. f3 $2 {White is now going downhill.} (42. Bb4 $11 {and White has nothing to worry.} Ne4 43. Rf3) 42... Qxa2 $2 ({Not} 42... Nxf3 43. Bb4 (43. Qh3 Nd4 $17) 43... Qd4 44. Rxf3 Qxb4 45. Rb3 Qf4+ 46. Kb2 Qd4+ 47. Kb1 Qd1+ 48. Kb2 Qd4+ 49. Kb1 Qd1+ 50. Kb2 Qd4+ $11) (42... Qc4 $19 43. Bd2 Qf1+ 44. Kb2 {[#]} Qh3 $1 45. Qxh3 Nxh3) 43. Qh4 $2 {[%mdl 8192]} (43. Bb2 $15) 43... Ne6 $19 44. Qh7 (44. Rxe6+ $142 Qxe6 45. Qa4+ Ke7 46. Qxa6) 44... Nf4 45. Bb2 $2 (45. Rxf4 {nothing else works.} exf4 46. Qh8) 45... Nh5 46. Bxe5 Nxf6 (46... dxe5 $142 47. Rc6 Ba3+ 48. Kd2 Qd5+ 49. Ke1 Qxc6 50. Qh8+ Kd7 51. Qxe5 Bb4+ 52. Ke2 Qxc2+ 53. Kf1 Qd1+ 54. Kf2 Qd2+ 55. Qe2 Bc5+ 56. Kf1 Ng3+ 57. Kg2 Nxe2 58. Kh2 Qg5 59. f4 Qg3+ 60. Kh1 Qh3#) 47. Bxf6 Qa3+ 48. Kb1 Qxf3 49. Qh8 Kd7 50. Bb2 (50. Qh4 $142) 50... Qf1+ 51. Ka2 Be7 {...Qc4+ is the strong threat.} 52. Qa8 Qc4+ {Black is clearly winning.} 53. Kb1 f5 54. Qa7+ Ke6 55. Qe3+ Qe4 56. Qh3 Bf6 57. Qb3+ Ke7 58. Qg8 Qe1+ {Weighted Error Value: White=0.75/Black=0.40} 0-1

[Event "Kragero Resort International 2022"]
[Site "Kragero"]
[Date "2022.02.24"]
[Round "4.7"]
[White "Carlin, Tormod"]
[Black "Omtvedt, Per"]
[Result "0-1"]
[WhiteElo "1630"]
[BlackElo "1829"]
[Annotator "NA RC"]
[PlyCount "166"]
[EventDate "2022.02.23"]
[EventType "swiss"]
[EventCountry "NOR"]
[SourceTitle "playchess.com"]
[Source "ChessBase"]
[SourceQuality "1"]
[TimeControl "5400+30"]

1. d4 {[%emt 0:00:06]} Nf6 {[%emt 0:00:24]} 2. c4 {[%emt 0:00:09]} e6 {[%emt 0:00:15]} 3. Nc3 {[%emt 0:00:06]} d5 {[%emt 0:00:04]} 4. cxd5 {[%emt 0:00:08]} exd5 {[%emt 0:00:08]} 5. Bg5 {[%emt 0:00:08]} c6 {[%emt 0:00:23]} 6. Qc2 {[%emt 0:00:17]} Be7 {[%emt 0:00:17]} 7. e3 {[%emt 0:00:09]} O-O {[%emt 0:00:15]} 8. Bd3 {[%emt 0:00:09]} Nbd7 {[%emt 0:00:17]} 9. Nge2 {[%emt 0:00:23]} Re8 {[%emt 0:00:48]} 10. O-O {[%emt 0:00:12]} h6 {[%emt 0:00:40]} 11. Bh4 {[%emt 0:01:05]} Ne4 {[%emt 0:02:29]} 12. Bxe7 {[%emt 0:00:00]} Qxe7 {[%emt 0:01:16]} 13. Bxe4 {[%emt 0:03:43]} dxe4 {[%emt 0:00:00]} 14. d5 {[%emt 0:00:56]} Nf6 {[%emt 0:07:05]} 15. dxc6 {[%emt 0:01:34]} bxc6 {[%emt 0:00:05]} 16. Rfd1 {[%emt 0:00:56]} Ba6 {[%emt 0:08:57]} 17. Rac1 {[%emt 0:02:01]} Bd3 {[%emt 0:01:14]} 18. Qa4 {[%emt 0:03:37]} c5 {[%emt 0:01:24]} 19. b3 {[%emt 0:04:55]} Rab8 {[%emt 0:04:16]} 20. Nf4 {[%emt 0:01:27]} Red8 {[%emt 0:01:10]} 21. Nxd3 {[%emt 0:07:35]} exd3 {[%emt 0:00:40]} 22. Qc4 {[%emt 0:00:35]} Rb4 {[%emt 0:01:45]} 23. Qa6 {[%emt 0:00:19]} Rb6 {[%emt 0:06:01]} 24. Qc4 {[%emt 0:02:17]} Rb4 {[%emt 0:00:56]} 25. Qa6 {[%emt 0:00:06]} Rb6 {[%emt 0:01:34]} 26. Qa5 {[%emt 0:02:59]} Ng4 {[%emt 0:14:20]} 27. h3 {[%emt 0:08:57]} Nxe3 {[%emt 0:00:00]} 28. fxe3 {[%emt 0:01:43]} Qxe3+ {[%emt 0:00:00]} 29. Kh1 {[%emt 0:00:16]} d2 {[%emt 0:04:52]} 30. Rb1 {[%emt 0:03:06]} Rdd6 {[%emt 0:01:41]} 31. Na4 {[%emt 0:01:15]} Rbc6 {[%emt 0:05:44]} 32. Rb2 {[%emt 0:04:15]} Ra6 {[%emt 0:11:13]} 33. Qxc5 {[%emt 0:01:28]} Qe1+ {[%emt 0:01:41]} 34. Qg1 {[%emt 0:00:17]} Qe2 {[%emt 0:00:45]} 35. Nc5 {[%emt 0:10:56]} Rac6 {[%emt 0:00:58]} 36. b4 {[%emt 0:01:32]} a5 {[%emt 0:03:04]} 37. Nb7 {[%emt 0:03:17]} Rc1 {[%emt 0:37:22]} 38. Rxc1 {[%emt 0:36:01]} dxc1=Q {[%emt 0:00:00]} 39. Qxc1 {[%emt 0:00:33]} Rd1+ {[%emt 0:00:00]} 40. Qxd1 {[%emt 0:00:26]} Qxd1+ {[%emt 0:00:00]} 41. Kh2 {[%emt 0:00:03]} Qd5 {[%emt 0:00:00]} 42. Rb3 {[%emt 0:01:00]} Qxb7 {[%emt 0:00:00]} 43. bxa5 {[%emt 0:00:32]} Qc7+ {[%emt 0:00:00]} 44. Kg1 {[%emt 0:00:28]} Qxa5 {[%emt 0:00:00]} 45. Rb8+ {[%emt 0:00:20]} Kh7 {[%emt 0:00:00]} 46. Rb3 {[%emt 0:00:34]} Qxa2 {[%emt 0:00:00]} 47. Rf3 {[%emt 0:00:03]} g5 {[%emt 0:00:00]} 48. g4 {[%emt 0:00:25]} Kg6 {[%emt 0:00:00]} 49. Rf2 {[%emt 0:00:13]} Qe6 {[%emt 0:00:00]} 50. Kg2 {[%emt 0:00:14]} h5 {[%emt 0:00:00]} 51. Kg3 {[%emt 0:01:00]} Qe3+ {[%emt 0:00:00]} 52. Kg2 {[%emt 0:00:11]} h4 {[%emt 0:00:00]} 53. Rf3 {[%emt 0:00:31]} Qe4 {[%emt 0:00:00]} 54. Kf2 {[%emt 0:00:33]} f6 {[%emt 0:00:00]} 55. Kg2 {[%emt 0:00:38]} Qd5 {[%emt 0:00:00]} 56. Kf2 {[%emt 0:00:18]} Qd2+ {[%emt 0:00:00]} 57. Kg1 {[%emt 0:00:40]} Qe1+ {[%emt 0:00:00]} 58. Kg2 {[%emt 0:00:04]} Kf7 {[%emt 0:00:00]} 59. Rf2 {[%emt 0:00:18]} Ke6 {[%emt 0:00:00]} 60. Rf3 {[%emt 0:00:51]} Ke5 {[%emt 0:00:00]} 61. Rf5+ {[%emt 0:01:08]} Ke4 {[%emt 0:00:00]} 62. Rf2 {[%emt 0:01:01]} Qe3 {[%emt 0:00:00]} 63. Kg1 {[%emt 0:00:30]} Qxh3 {[%emt 0:00:00]} 64. Re2+ {[%emt 0:00:12]} Qe3+ {[%emt 0:00:00]} 65. Rxe3+ {[%emt 0:00:45]} Kxe3 {[%emt 0:00:00]} 66. Kg2 {[%emt 0:00:05]} Kf4 {[%emt 0:00:00]} 67. Kh3 {[%emt 0:00:05]} Kf3 {[%emt 0:00:00]} 68. Kh2 {[%emt 0:00:05]} Kxg4 {[%emt 0:00:00]} 69. Kg2 {[%emt 0:00:04]} f5 {[%emt 0:00:00]} 70. Kf2 {[%emt 0:00:09]} f4 {[%emt 0:00:00]} 71. Kg2 {[%emt 0:00:04]} f3+ {[%emt 0:00:00]} 72. Kf2 {[%emt 0:00:03]} Kf4 {[%emt 0:00:00]} 73. Kf1 {[%emt 0:00:05]} Ke3 {[%emt 0:00:00]} 74. Kg1 {[%emt 0:00:12]} Ke2 {[%emt 0:00:00]} 75. Kh1 {[%emt 0:00:10]} f2 {[%emt 0:00:00]} 76. Kh2 {[%emt 0:00:04]} f1=R {[%emt 0:00:00]} 77. Kg2 {[%emt 0:00:04]} g4 {[%emt 0:00:00]} 78. Kh2 {[%emt 0:00:06]} Rf2+ {[%emt 0:00:00]} 79. Kh1 {[%emt 0:00:11]} Kf3 {[%emt 0:00:00]} 80. Kg1 {[%emt 0:00:09]} h3 {[%emt 0:00:00]} 81. Kh1 {[%emt 0:00:04]} g3 {[%emt 0:00:00]} 82. Kg1 {[%emt 0:00:05]} Ra2 {[%emt 0:00:00]} 83. Kh1 {[%emt 0:00:07]} Ra1# {[%emt 0:00:00]} 0-1